000 00784nam a2200169 a 4500
008 101125s2008 ||||||||||||||||| || u
020 _a9780981409917
050 _aSARUA(02)
110 _aSouthern African Regional Universities Association (SARUA)
245 1 0 _aScience and technology: a baseline study on science and technology and higher education in the SADC region
260 _aJohannesburg
_bSouthern African Regional Universities Association (SARUA)
_c2008
300 _a208p. ;ill.
350 _a0.00
650 _aTECHNOLOGY--STUDY AND TEACHING--AFRICA
650 _aSCIENCE--STUDY AND TEACHING--AFRICA
995 _D0.00
_FCBU-MAIN LIBRARY (Kitwe)
_H1
_I0.00
_M1
_UAVAILABLE
_WNov 29, 2010
_ZInternational Publications
999 _c57087
_d57087